Agências reguladoras : (Record no. 816)

MARC details
000 -LÍDER
Campo Fixo de Controle 00727nam a2200241 a 4500
001 - NÚMERO DE CONTROLE
Campo de Controle 816
003 - IDENTIFICAÇÃO DO NÚMERO DE CONTROLE
Campo de Controle BR-CuiBMT
005 - DATA E HORA DA ÚLTIMA ATUALIZAÇÃO
Campo de Controle 20231120193628.0
008 - DADOS FIXOS
Dados Fixos 231120s2012 mgb 000 0 por d
020 ## - INTERNATIONAL STANDARD BOOK NUMBER
Nº do ISBN 9788577005291
040 ## - AGÊNCIA CATALOGADORA
Código da Agência Catalogadora BR-CuiBMT
Agência que transcreveu o registro BR-CuiBMT
080 ## - Nº DA CLASSIFICAÇÃO DECIMAL UNIVERSAL
Nº edição CDU 2007
Nº Class. CDU 346.5
090 ## - NÚMERO DE CHAMADA
Nº classificação 346.5
Cutter G934a
100 1# - ENTRADA PRINCIPAL -- AUTOR PESSOAL
Nome pessoal Guerra, Sérgio Antônio Silva
Datas associadas ao nome 1964-
245 10 - TÍTULO PRINCIPAL
Título principal Agências reguladoras :
Subtítulo da organização administrativa piramidal à governança em rede /
Indicação de responsabilidade Sergio Guerra.
260 ## - PUBLICAÇÃO, DISTRIBUIÇÃO, ETC.
Local de publicação Belo Horizonte :
Editora Fórum,
Data 2012.
300 ## - DESCRIÇÃO FÍSICA
N. páginas ou volumes 238 p. :
504 ## - NOTA DE BIBLIOGRAFIA, ETC.
Nota de bibliografia Inclui bibliografia.
650 ## - ASSUNTO TÓPICO
Cabeçalho tópico ou nome geográfico Direito administrativo
650 ## - ASSUNTO TÓPICO
Cabeçalho tópico ou nome geográfico Direito regulatório
650 ## - ASSUNTO TÓPICO
Cabeçalho tópico ou nome geográfico Administração pública
942 ## - ELEMENTOS DE ENTRADA ADICIONAIS (KOHA)
Fonte de classificação ou esquema de arquivamento Classificação Decimal Universal
Tipo de item do Koha Livros
Holdings
Estado: removido Estado: perdido Fonte de classificação ou esquema de arquivamento Estado: danificado Indisponível para empréstimo Localização permanente Localização atual Data de aquisição Total Checkouts Número de Chamada completo Código de barras Date last seen Número do exemplar Preço efetivo a partir de Tipo de item (Koha)
    Classificação Decimal Universal     Biblioteca da Escola Superior de Contas do TCE/MT Biblioteca da Escola Superior de Contas do TCE/MT 20/11/2023   346.5 G934a BIBTCEMT23110751 20/11/2023 Ex. 1 20/11/2023 Livros

Powered by Koha